<?xml version="1.0" encoding="UTF-8"?>
<record
    xmlns:xsi="http://www.w3.org/2001/XMLSchema-instance"
    xsi:schemaLocation="http://www.loc.gov/MARC21/slim http://www.loc.gov/standards/marcxml/schema/MARC21slim.xsd"
    xmlns="http://www.loc.gov/MARC21/slim">

  <leader>03327nam a2200361 i 4500</leader>
  <controlfield tag="001">on1371817441</controlfield>
  <controlfield tag="003">OCoLC</controlfield>
  <controlfield tag="005">20250626104331.0</controlfield>
  <controlfield tag="008">221011t20232023enkaf    b    001 0 eng  </controlfield>
  <datafield tag="010" ind1=" " ind2=" ">
    <subfield code="a">2022048879</subfield>
  </datafield>
  <datafield tag="020" ind1=" " ind2=" ">
    <subfield code="a">9781009330367</subfield>
  </datafield>
  <datafield tag="035" ind1=" " ind2=" ">
    <subfield code="a">(OCoLC)1371817441</subfield>
    <subfield code="z">(OCoLC)1356572098</subfield>
  </datafield>
  <datafield tag="040" ind1=" " ind2=" ">
    <subfield code="a">DLC</subfield>
    <subfield code="b">eng</subfield>
    <subfield code="e">rda</subfield>
    <subfield code="c">DLC</subfield>
    <subfield code="d">UKMGB</subfield>
    <subfield code="d">YDX</subfield>
    <subfield code="d">OCLCF</subfield>
    <subfield code="d">PTS</subfield>
    <subfield code="d">P$H</subfield>
    <subfield code="d">UOH</subfield>
  </datafield>
  <datafield tag="041" ind1=" " ind2=" ">
    <subfield code="a">eng</subfield>
  </datafield>
  <datafield tag="042" ind1=" " ind2=" ">
    <subfield code="a">pcc</subfield>
  </datafield>
  <datafield tag="043" ind1=" " ind2=" ">
    <subfield code="a">e-uk---</subfield>
  </datafield>
  <datafield tag="050" ind1="0" ind2="0">
    <subfield code="a">BL980.G7</subfield>
    <subfield code="b">Y68 2023</subfield>
  </datafield>
  <datafield tag="090" ind1=" " ind2=" ">
    <subfield code="a">BL980 .G7Y68 2023</subfield>
  </datafield>
  <datafield tag="100" ind1=" " ind2=" ">
    <subfield code="a">Young, Francis</subfield>
    <subfield code="d">1981-</subfield>
    <subfield code="e">author</subfield>
    <subfield code="9">25603</subfield>
  </datafield>
  <datafield tag="245" ind1="1" ind2="0">
    <subfield code="a">Twilight of the godlings</subfield>
    <subfield code="b">: the shadowy beginnings of Britain's supernatural beings</subfield>
    <subfield code="c">/ Francis Young.</subfield>
  </datafield>
  <datafield tag="246" ind1="3" ind2="0">
    <subfield code="a">Godlings.</subfield>
  </datafield>
  <datafield tag="246" ind1="3" ind2="0">
    <subfield code="a">Shadowy beginnings of Britain's supernatural beings.</subfield>
  </datafield>
  <datafield tag="260" ind1=" " ind2=" ">
    <subfield code="a">Cambridge :</subfield>
    <subfield code="a">New York, NY :</subfield>
    <subfield code="b">Cambridge University Press,</subfield>
    <subfield code="c">2023.</subfield>
  </datafield>
  <datafield tag="300" ind1=" " ind2=" ">
    <subfield code="a">xviii, 365 pages, 16 unnumbered pages of plates :</subfield>
    <subfield code="b">illustrations ;</subfield>
    <subfield code="c">22 cm.</subfield>
  </datafield>
  <datafield tag="504" ind1=" " ind2=" ">
    <subfield code="a">Includes bibliographical references (pages 322-348) and index.</subfield>
  </datafield>
  <datafield tag="505" ind1="0" ind2=" ">
    <subfield code="a">Supernatural beings: The search for origins &#x2014; Pt. 1. A world full of small gods: Understanding Godlings &#x2014; Pt. 2. Menagerie of the divine: Godlings &#x2014; Pt. 3. The nymph and the cross: Godlings and Christianisation &#x2014; Pt. 4. Furies, elves and giants: Godlings in early medieval Britain &#x2014; Pt. 5. The fairy synthesis: Godlings in later medieval Britain &#x2014; The fairy legacy &#x2014; The classicising legacy &#x2014; Almost human, not quite divine.</subfield>
  </datafield>
  <datafield tag="520" ind1=" " ind2=" ">
    <subfield code="a">Throughout the recorded history of Britain, belief in earthbound spirits presiding over nature, the home and human destiny has been a feature of successive cultures. From the localised deities of Britannia to the Anglo-Saxons' elves and the fairies of late medieval England, Britain's godlings have populated a shadowy, secretive realm of ritual and belief running parallel to authorised religion. Twilight of the Godlings delves deep into the elusive history of these supernatural beings, tracing their evolution from the pre-Roman Iron Age to the end of the Middle Ages. Arguing that accreted cultural assumptions must be cast aside in order to understand the godlings &#x2013; including the cherished idea that these folkloric creatures are the decayed remnants of pagan gods and goddesses &#x2013; this bold, revisionist book traces Britain's 'small gods' to a popular religiosity influenced by classical learning. It offers an exciting new way of grasping the island's most mysterious mythical inhabitants.

needed the holistic history of Britain's small gods which arguably the field has long been looking for &#x2014; consistently brings new and exciting interpretations to folkloric questions about origins which have been long contested &#x2014; explores Britain's godlings in the longue dur&#xE9;e of the millennium between the Claudian and Norman invasions, and into the High Middle Ages up to around 1400 &#x2014; moves dexterously beyond the usual 'Celtic myth', pointing instead to Roman paganism as the most likely cultural background of the godlings &#x2014; mandatory reading for scholars in folklore, history, mythology, religion and the history of ideas.</subfield>
  </datafield>
  <datafield tag="650" ind1=" " ind2="0">
    <subfield code="a">Mythology, British</subfield>
    <subfield code="9">25604</subfield>
  </datafield>
  <datafield tag="650" ind1=" " ind2="0">
    <subfield code="a">Nature</subfield>
    <subfield code="x">Religious aspects</subfield>
    <subfield code="9">25605</subfield>
  </datafield>
  <datafield tag="651" ind1=" " ind2="0">
    <subfield code="a">Great Britain</subfield>
    <subfield code="x">Religion</subfield>
    <subfield code="9">25606</subfield>
  </datafield>
  <datafield tag="776" ind1="0" ind2="8">
    <subfield code="i">ebook version :</subfield>
    <subfield code="z">9781009330343.</subfield>
  </datafield>
  <datafield tag="942" ind1=" " ind2=" ">
    <subfield code="2">lcc</subfield>
  </datafield>
  <datafield tag="952" ind1=" " ind2=" ">
    <subfield code="0">0</subfield>
    <subfield code="1">0</subfield>
    <subfield code="2">lcc</subfield>
    <subfield code="4">0</subfield>
    <subfield code="7">0</subfield>
    <subfield code="a">TBS</subfield>
    <subfield code="b">TBS</subfield>
    <subfield code="d">2025-06-26</subfield>
    <subfield code="l">0</subfield>
    <subfield code="o">BL980.G7 YOU</subfield>
    <subfield code="p">B05860</subfield>
    <subfield code="r">2025-06-26</subfield>
    <subfield code="t">1</subfield>
    <subfield code="w">2025-06-26</subfield>
    <subfield code="y">1</subfield>
  </datafield>
  <datafield tag="999" ind1=" " ind2=" ">
    <subfield code="c">4804</subfield>
    <subfield code="d">4804</subfield>
  </datafield>
</record>
